Basic Structural Analysis (Record no. 5850)
[ view plain ]
| 000 -LEADER | |
|---|---|
| fixed length control field | 00316nam a2200145Ia 4500 |
| 003 - CONTROL NUMBER IDENTIFIER | |
| control field | OSt |
| 008 - FIXED-LENGTH DATA ELEMENTS--GENERAL INFORMATION | |
| fixed length control field | 191201s2013 xx 000 0 und d |
| 100 ## - MAIN ENTRY--PERSONAL NAME | |
| Personal name | REDDY,CS |
| 245 #0 - TITLE STATEMENT | |
| Title | Basic Structural Analysis |
| 250 ## - EDITION STATEMENT | |
| Edition statement | 3rd |
| 260 ## - PUBLICATION, DISTRIBUTION, ETC. (IMPRINT) | |
| Place of publication, distribution, etc | N. Delhi |
| Name of publisher, distributor, etc | TMH |
| Date of publication, distribution, etc | 2013 |
| 300 ## - PHYSICAL DESCRIPTION | |
| Extent | 841 |
| 650 ## - SUBJECT ADDED ENTRY--TOPICAL TERM | |
| Topical term or geographic name as entry element | B.Tech(CE) |
| 942 ## - ADDED ENTRY ELEMENTS (KOHA) | |
| Source of classification or shelving scheme | Dewey Decimal Classification |
| Koha item type | Text Books |
| Withdrawn status | Lost status | Source of classification or shelving scheme | Damaged status | Not for loan | Collection code | Home library | Current library | Date acquired | Source of acquisition | Cost, normal purchase price | Bill Number | Total Checkouts | Full call number | Acc. no. / Barcode | Date last seen | Actual Cost, discounted price | Bill Date | Koha item type | Date last borrowed | Checked out |
|---|---|---|---|---|---|---|---|---|---|---|---|---|---|---|---|---|---|---|---|---|
| Dewey Decimal Classification | B.Tech(CE) | PIET C-LIBRARY | PIET C-LIBRARY | 18/03/2014 | IBH, New Delhi | 565.00 | 22792 | 624.171 REB | 23682 | 04/12/2019 | 390.52 | 08/03/2014 | Text Books | |||||||
| Dewey Decimal Classification | B.Tech(CE) | PIET C-LIBRARY | PIET C-LIBRARY | 18/03/2014 | IBH, New Delhi | 565.00 | 22792 | 624.171 REB | 23683 | 04/12/2019 | 390.52 | 08/03/2014 | Text Books | |||||||
| Dewey Decimal Classification | B.Tech(CE) | PIET C-LIBRARY | PIET C-LIBRARY | 18/03/2014 | IBH, New Delhi | 565.00 | 22792 | 1 | 624.171 REB | 23684 | 19/05/2025 | 390.52 | 08/03/2014 | Text Books | 05/05/2025 | |||||
| Dewey Decimal Classification | B.Tech(CE) | PIET C-LIBRARY | PIET C-LIBRARY | 18/03/2014 | IBH, New Delhi | 565.00 | 22792 | 624.171 REB | 23685 | 04/12/2019 | 390.52 | 08/03/2014 | Text Books | |||||||
| Dewey Decimal Classification | B.Tech(CE) | PIET C-LIBRARY | PIET C-LIBRARY | 18/03/2014 | IBH, New Delhi | 565.00 | 22792 | 1 | 23686 | 04/12/2020 | 390.52 | 08/03/2014 | Text Books | 04/12/2020 | 02/06/2021 |